000 01065nam a22003017a 4500
005 20191224041911.0
008 131030b2013 ck il | |||| 00| 0 spa d
020 _a9789587615388
040 _aCO-BoIAVH
_cCO-BoIAVH
041 _aspa
044 _ack
082 _a584.5
_bC21c5
245 _aCartilla para el manejo y aprovechamiento de la palma güérregue (Astrocaryum standleyanum)
_cNestor Garcia ... [ert al].
260 _aBogotá
_bUniversidad Nacional de Colombia. Facultad de Ciencias, Instituto de Ciencias Naturales.
_c2013
300 _a36 p.
_bil.
_c21 cm.
650 _aPalmas
650 _aArecaceae
650 _aPalma de güérregue
_zPacífico (Región)
_zColombia
650 _aArtesanías
_zChocó (Colombia)
650 _aFibras vegetales
700 _aGarcía, Nestor
_d1976 -
700 _aGaleano, Gloria
700 _aBernal, Rodrigo
700 _aChamarra, Zúñigo
700 _aChamarra, Henry
700 _aCuero, Clímaco
942 _2ddc
_cFolleto
999 _c7703
_d7703